Multiple comparisons : theory and methods /

Guardado en:
Autor Principal: Hsu, J. C.
Formato: Libro
Idioma:English
Publicado: London : Chapman & Hall, 1996.
Acceso en línea:Sitio web del libro
Etiquetas: Agregar Etiqueta
Sin Etiquetas, Sea el primero en etiquetar este registro!
LEADER 01118nam a22002295a 4500
001 MAT.inmabb003466
008 951211s1996####enka#####b####001#0#eng##
005 20130320094007.0
245 1 0 |a Multiple comparisons :  |b theory and methods /  |c Jason C. Hsu. 
260 |a London :  |b Chapman & Hall,  |c 1996. 
300 |a xiv, 277 p., [4] p. de láms. :  |b il. (algunas col.) ;  |c 24 cm. 
500 |a Incluye hoja suelta con errata. 
504 |a Incluye referencias bibliográficas (p. [258]-270) e índices. 
505 0 |a 1. Introduction to simultaneous statistical inference -- 2. Classification of multiple comparison methods -- 3. Multiple comparisons with a control -- 4. Multiple comparisons with the best -- 5. All-pairwise comparisons -- 6. Abuses and misconceptions in multiple comparisons -- 7. Multiple comparisons in the general linear model. 
510 4 |a MR,  |c 99g:62102 
020 |a 0412982811 
100 1 |a Hsu, J. C. 
084 |a 62J15  |2 msc2000 
010 |a  95072199  
040 |a DLC  |c DLC 
856 4 2 |u http://www.stat.ohio-state.edu/%7Ejch/mc.html  |y Sitio web del libro 
859 |h 62  |i H873  |p A-7454  |b BIB. MATEMATICA